LIBRARY & INFORMATION CENTRE, KCAET, TAVANUR

ONLINE PUBLIC ACCESS CATALOGUE (OPAC)

Testing and inspection of engineering materials / (Record no. 3261)

MARC details
000 -LEADER
fixed length control field 00534cam a2200193ua 4500
041 ## - LANGUAGE CODE
Language code of text/sound track or separate title eng
082 ## - DEWEY DECIMAL CLASSIFICATION NUMBER
Classification number 621.3
Item number DAV/TE
100 ## - MAIN ENTRY--AUTHOR NAME
Personal name Davis , Harmer E .
245 ## - TITLE STATEMENT
Title Testing and inspection of engineering materials /
260 ## - PUBLICATION, DISTRIBUTION, ETC. (IMPRINT)
Place of publication New York :
Name of publisher McGraw Hill Book Company ,
Year of publication 1950.
300 ## - PHYSICAL DESCRIPTION
Number of Pages 475 ; .
700 1# - ADDED ENTRY--PERSONAL NAME
Personal name Troxell, George Earl .
700 1# - ADDED ENTRY--PERSONAL NAME
Personal name Wiskocil, Clement T .
942 ## - ADDED ENTRY ELEMENTS (KOHA)
Koha item type Books
Holdings
Withdrawn status Lost status Damaged status Home library Current library Date acquired Full call number Accession Number Koha item type
      KAUAET KAUAET 07/04/2012 621.3 5962 Books
free website counter